Statistics for Hong Kong or Macau?

Click here to take the quiz!

General Stats

  • This quiz has been taken 1,376 times
  • The average score is 12 of 15

Answer Stats

QuestionAnswer% Correct
Has a bigger populationHong Kong
99%
Was a former Portuguese overseas territoryMacau
98%
Was leased to the UK for 99 yearsHong Kong
97%
Has the largest number of skyscrapers of any city in the worldHong Kong
96%
Uses the Pataca as their currencyMacau
95%
Has a gambling industry seven times larger than Las VegasMacau
92%
Is a special administrative region of ChinaBoth
90%
Is located on the South China seaBoth
89%
Has a larger land areaHong Kong
81%
Is made up of 263 islandsHong Kong
80%
Has a higher average elevationHong Kong
78%
Its southernmost point is closer to the equatorMacau
63%
Has a flower on its flagBoth
59%
Three-quarters of its territory is ruralHong Kong
55%
Has the world's highest population densityMacau
29%

Score Distribution

Percentile by Number Answered

Percent of People with Each Score

Your Score History

You have not taken this quiz